Filmografia di Stanley Kubrick - Statistics

Statistiche generali
  • Questo quiz è stato fatto 48 volte
  • Il punteggio medio è 7 su 13
Statistiche sulle risposte
Anno Film % Corretto
1971 Arancia meccanica
92%
1968 2001: Odissea nello spazio
84%
1999 Eyes Wide Shut
76%
1980 Shining
73%
1987 Full Metal Jacket
68%
1964 Il dottor Stranamore - Ovvero: come ho imparato a non preoccuparmi e ad amare la bomba
59%
1975 Barry Lyndon
54%
1962 Lolita
49%
1957 Orizzonti di gloria
41%
1960 Spartacus
38%
1956 Rapina a mano armata
35%
1955 Il bacio dell'assassino
24%
1953 Paura e desiderio
24%
Nessun quiz corrispondente trovato
Distribuzione punteggi
Percentuale di utenti per punteggio
Percentile per numero di risposta
I tuoi punteggi nel tempo
Non hai fatto questo quiz